Maadi. The Non-lithic small finds and the structural remains of the predynastic settlement / III:
المؤلفون الرئيسيون: ,
مؤلفون آخرون: , , , , ,
التنسيق: كتاب
اللغة: English
منشور في:
Mainz am Rhein :
Verlag Philipp von Zabern,
1989.
سلاسل:
Archäologische Veröffentlichungen (Deutsches Archäologisches Institut. Abteilung Kairo) ;
v.80.
الموضوعات:
الوسوم: إضافة وسم
رقم الطلب: (F) DT57 .D47 v.80 DT57 .D47
| LEADER | 03081cam a2200613Mi 4500 | ||
|---|---|---|---|
| 001 | ocn491444371 | ||
| 003 | OCoLC | ||
| 005 | 20220721121933.0 | ||
| 008 | 030327s1989 gw aef b 000 0 eng d | ||
| 952 | |0 0 |1 0 |2 lcc |3 V.80 |4 0 |7 1 |9 41877 |a ARCE |b ARCE |d 2022-07-21 |l 0 |o (F) DT57 .D47 v.80 |p 1020683 |r 2022-07-21 00:00:00 |v 2022.00 |w 2022-07-21 |y BK | ||
| 999 | |c 48853 |d 48853 | ||
| 020 | |a 3805310501 | ||
| 020 | |a 9783805310505 | ||
| 035 | |a (OCoLC)491444371 | ||
| 040 | |a ZWZ |b eng |e rda |e ncafnor |c ZWZ |d LEAUB |d OCLCQ |d OI@ |d OCLCO |d OCLCF |d OCLCQ |d OCLCO |d OCLCQ |d OCLCO |d IL4J6 |d MEAUC | ||
| 043 | |a f-ua--- | ||
| 049 | |a MAIN | ||
| 050 | |a (F) DT57 |b .D47 v.80 | ||
| 082 | 0 | 4 | |a 913.32 |2 20 |
| 090 | |a DT57 |b .D47 | ||
| 100 | 1 | |a Rizkana, Ibrahim, |e author. | |
| 245 | 1 | 0 | |a Maadi. |n III: |b The Non-lithic small finds and the structural remains of the predynastic settlement / |c by Ibrahim Rizkana and Jürgen Seeher ; with an appendix on the Archaeozoology by Joachim Boessneck, Angela von den Driesch and Reinhard Ziegler ; on the Archaeobotany by Helmut Kroll ; and on Ores and Copper by Ernst Pernicka and Andreas Hauptmann. |
| 246 | 3 | |a Non-lithic small finds and the structural remains of the predynastic settlement. | |
| 264 | 1 | |a Mainz am Rhein : |b Verlag Philipp von Zabern, |c 1989. | |
| 264 | 4 | |c ©1989. | |
| 300 | |a 141pages, 32 pages of plates : |b plnas, illustrations ; |c 36 cm. | ||
| 336 | |a text |b txt |2 rdacontent. | ||
| 337 | |a unmediated |b n |2 rdamedia. | ||
| 338 | |a volume |b nc |2 rdacarrier. | ||
| 490 | 1 | |a Archäologische Veröffentlichungen (Deutsches Archäologisches Institut. Abteilung Kairo) ; |v v.80. | |
| 500 | |a At head of title: Excavations at the predynastic site of Maadi and its cemeteries conducted by Mustapha Amer and Ibrahim Rizkana on behalf of the Department of Geography, Faculty of Arts of Cairo University, 1930-1953. | ||
| 504 | |a Includes bibliographical reference and index. | ||
| 650 | 0 | |a Excavations (Archaeology) |z Egypt |z Maʻādī. | |
| 650 | 7 | |a Antiquities. |2 fast |0 (OCoLC)fst00810745. | |
| 650 | 7 | |a Excavations (Archaeology) |2 fast |0 (OCoLC)fst00917564. | |
| 650 | 7 | |a Excavations (Archaeology) |z Egypt |z Maʻādī. |2 nli. | |
| 650 | 7 | |a Neolithic period |z Egypt. |2 nli. | |
| 650 | 7 | |a Botanique |y Antiquité. |2 ram. | |
| 650 | 7 | |a Zoologie |y Antiquité. |2 ram. | |
| 651 | 0 | |a Maʻādī (Egypt) |x Antiquities. | |
| 651 | 7 | |a Egypt |z Maʻādī. |2 fast |0 (OCoLC)fst01258550. | |
| 651 | 7 | |a Maʻādī (Egypt) |x Antiquities. |2 nli. | |
| 651 | 7 | |a Egypt |x Antiquities. |2 nli. | |
| 651 | 7 | |a Maadi (Égypte ; site archéologique) |2 ram. | |
| 700 | 1 | |a Boessneck, Joachim, |d (1925- ...)., |e contributor. | |
| 700 | 1 | |a Pernicka, Ernst, |e contributor. | |
| 700 | 1 | |a Hauptmann, Andreas, |d (1950- ...)., |e contributor. | |
| 700 | 1 | |a Ziegler, R. |q (Reinhard), |e contributor. | |
| 700 | 1 | |a Driesch-Karpf, Angela von den, |e contributor. | |
| 700 | 1 | |a Seeher, Jürgen, |e author. | |
| 700 | 1 | |a Kroll, Helmut, |e contributor. | |
| 830 | 0 | |a Archäologische Veröffentlichungen (Deutsches Archäologisches Institut. Abteilung Kairo) ; |v v.80. | |
| 901 | |a reviewed | ||
| 942 | |2 lcc |c BK | ||
